[Event "Rated Blitz tournament 07t0IIY1"]
[Site "?"]
[Date "2021.04.08"]
[Round "?"]
[White "K_A_S_T_A"]
[Black "Dewa_Kapas_BKD"]
[Result "0-1"]
[WhiteElo "2221"]
[BlackElo "2408"]
[PlyCount "162"]
[EventDate "2021.??.??"]
[EventType "blitz"]

1. e4 e5 2. Nf3 d5 3. exd5 e4 4. Qe2 Nf6 5. Nc3 Bb4 6. Nxe4 O-O 7. Nxf6+ Qxf6
8. Qd1 Bg4 9. Be2 Bxf3 10. Bxf3 Re8+ 11. Be2 Qe7 12. c3 Bd6 13. d4 Nd7 14. Be3
Nf6 15. O-O Nxd5 16. Qd2 Nxe3 17. fxe3 Qxe3+ 18. Qxe3 Rxe3 19. Bf3 c6 20. Rae1
Rae8 21. Kf2 Rxe1 22. Rxe1 Rxe1 23. Kxe1 Bxh2 24. Kf2 Bd6 25. a4 a5 26. b3 Kf8
27. c4 f5 28. d5 c5 29. Ke3 Ke7 30. Bh5 g6 31. Be2 Kf6 32. Kf3 Ke5 33. Ke3 h5
34. Bf3 h4 35. Be2 g5 36. Bh5 Kf6 37. Kf3 Bf4 38. Be8 Ke5 39. Bd7 g4+ 40. Kf2
Bg3+ 41. Kf1 Kf4 42. Be6 b6 43. d6 Kg5 44. d7 Bc7 45. Kf2 Kf6 46. Bd5 Ke7 47.
Bc6 Kd6 48. Bb5 f4 49. Kg1 Bd8 50. Kf2 h3 51. gxh3 gxh3 52. Kf3 Bh4 53. Ba6 Ke5
54. Bb7 Bd8 55. Kg4 h2 56. Kh3 Kd4 57. Kxh2 Ke3 58. Kg2 Bc7 59. Bc6 Bd8 60. Kh3
Bc7 61. Kg4 Bd8 62. Kf5 Bc7 63. Ke6 f3 64. Kf7 f2 65. Bg2 Kd3 66. Ke8 Kc3 67.
d8=Q Bxd8 68. Kxd8 Kxb3 69. Kc7 Kxc4 70. Kxb6 Kb4 71. Bf1 c4 72. Kc6 c3 73. Kd5
c2 74. Ke4 c1=Q 75. Be2 Qe1 76. Kf3 f1=Q+ 77. Ke4 Qfxe2+ 78. Kd5 Q2d2+ 79. Kc6
Qe6+ 80. Kb7 Qdd7+ 81. Ka8 Qee8# {Normal} 0-1

[Event "Rated Blitz tournament RWQQE8oM"]
[Site "?"]
[Date "2021.04.08"]
[Round "?"]
[White "ultrahunter"]
[Black "Akbas_Kaan"]
[Result "0-1"]
[WhiteElo "2397"]
[BlackElo "2433"]
[PlyCount "76"]
[EventDate "2021.??.??"]
[EventType "blitz"]

1. e4 e5 2. Nf3 d5 3. exd5 e4 4. Nd4 Qxd5 5. Nb3 Nf6 6. Nc3 Qe5 7. Be2 Bd6 8.
d4 exd3 9. Qxd3 Nc6 10. Nb5 O-O 11. Nxd6 cxd6 12. O-O Bf5 13. Qd1 d5 14. Be3
Rac8 15. Nd4 Be4 16. c3 Rfe8 17. h3 h6 18. Re1 Nh7 19. Qd2 Ng5 20. f4 Nxh3+ 21.
gxh3 Qf6 22. Bf1 Nxd4 23. Bxd4 Qf5 24. Bg2 Rc6 25. Bxe4 dxe4 26. Re3 Qxf4 27.
Kh1 Rg6 28. Qe2 f5 29. Rg1 Rxg1+ 30. Kxg1 Re6 31. Qf2 Rg6+ 32. Kf1 Qg5 33. Re1
Qh5 34. Re3 Qd1+ 35. Re1 Qd3+ 36. Qe2 Qxh3+ 37. Kf2 Rg2+ 38. Kf1 Qh1+ {Time
forfeit} 0-1

[Event "Rated Blitz game"]
[Site "?"]
[Date "2021.04.08"]
[Round "?"]
[White "abel250"]
[Black "Dzon_Vejn"]
[Result "1-0"]
[WhiteElo "2454"]
[BlackElo "2409"]
[PlyCount "137"]
[EventDate "2021.??.??"]
[EventType "blitz"]

1. e4 e5 2. Nf3 d5 3. exd5 e4 4. Qe2 Nf6 5. d3 Qxd5 6. dxe4 Qxe4 7. Nc3 Qxe2+
8. Bxe2 Bb4 9. O-O Bxc3 10. bxc3 O-O 11. Ba3 Re8 12. Bc4 Bg4 13. Rfe1 Nbd7 14.
Nd4 c6 15. f3 Nb6 16. Bb3 Bd7 17. Bd6 Nbd5 18. c4 Ne3 19. Kf2 Nf5 20. Nxf5 Bxf5
21. c5 Be6 22. Bxe6 Rxe6 23. Rxe6 fxe6 24. Rb1 b5 25. cxb6 axb6 26. Rxb6 Rxa2
27. Rxc6 Nd5 28. Ke2 Kf7 29. Be5 g5 30. Rc8 Nb4 31. Kd2 Kg6 32. Rc5 h5 33. Kc3
Nd5+ 34. Kb3 Ra8 35. c4 Ne3 36. g3 g4 37. fxg4 hxg4 38. Bf4 Nf1 39. Rg5+ Kf6
40. Rxg4 Nxh2 41. Rh4 Nf3 42. Rh6+ Kf5 43. c5 Rc8 44. Kc4 e5 45. Be3 Ke4 46.
Bf2 Nd2+ 47. Kb5 Kf3 48. Bg1 Kxg3 49. c6 e4 50. Kb6 Kf3 51. Kb7 Rg8 52. c7 e3
53. Rh3+ Ke2 54. Rxe3+ Kd1 55. Rc3 Rg7 56. Kb8 Ne4 57. c8=Q Nxc3 58. Qxc3 Rxg1
59. Qd4+ Ke2 60. Qxg1 Kd2 61. Qg4 Kd3 62. Kc7 Kd2 63. Kc6 Kc3 64. Kc5 Kb3 65.
Qg3+ Kc2 66. Qf3 Kd2 67. Kd4 Kc1 68. Qc3+ Kb1 69. Qd2 {Time forfeit} 1-0

[Event "Rated Blitz game"]
[Site "?"]
[Date "2021.04.08"]
[Round "?"]
[White "warrior0506"]
[Black "KamranShirazi"]
[Result "0-1"]
[WhiteElo "2373"]
[BlackElo "2496"]
[PlyCount "58"]
[EventDate "2021.??.??"]
[EventType "blitz"]

1. e4 e5 2. Nf3 d5 3. exd5 e4 4. Qe2 Nf6 5. d3 Bb4+ 6. c3 O-O 7. dxe4 Bc5 8.
Qc2 Ng4 9. Be3 Bxe3 10. fxe3 Nxe3 11. Qd3 Ng4 12. Nbd2 Nd7 13. O-O-O Nf2 14.
Qe3 Nxd1 15. Kxd1 Re8 16. Bd3 Nf6 17. Qf2 c6 18. c4 cxd5 19. exd5 Ng4 20. Qg3
Qb6 21. Kc2 Bf5 22. Bxf5 Ne3+ 23. Kb1 Nxf5 24. Qf4 Ne3 25. Ne5 f6 26. Nd3 Rac8
27. Rc1 Nxg2 28. Qg3 Qe3 29. Qxg2 Qxd3+ {Normal} 0-1

[Event "Rated Rapid game"]
[Site "?"]
[Date "2021.04.08"]
[Round "?"]
[White "Beastofuyo"]
[Black "hmai"]
[Result "1-0"]
[WhiteElo "2478"]
[BlackElo "2301"]
[PlyCount "51"]
[EventDate "2021.??.??"]
[EventType "rapid"]

1. e4 e5 2. Nf3 d5 3. exd5 e4 4. Nd4 Nf6 5. c4 c6 6. Qa4 Bd7 7. dxc6 Nxc6 8.
Nxc6 Bxc6 9. Qd1 Bc5 10. Be2 h5 11. O-O Qd4 12. Nc3 Rd8 13. b3 Qe5 14. Bb2 Ng4
15. g3 Nxh2 16. Kxh2 h4 17. Kg2 hxg3 18. fxg3 Qe6 19. Bg4 e3+ 20. Nd5 Qh6 21.
Rh1 Rxd5 22. cxd5 Bxd5+ 23. Bf3 Qxh1+ 24. Qxh1 Bxf3+ 25. Kxf3 Rxh1 26. Rxh1 {
Normal} 1-0

[Event "Rated Rapid tournament zqtxPfPN"]
[Site "?"]
[Date "2021.04.08"]
[Round "?"]
[White "t6274"]
[Black "StefizZagorja"]
[Result "1-0"]
[WhiteElo "2413"]
[BlackElo "2278"]
[PlyCount "33"]
[EventDate "2021.??.??"]
[EventType "rapid"]

1. e4 e5 2. Nf3 d5 3. Nxe5 Bd6 4. d4 dxe4 5. Bf4 Nf6 6. Nc3 O-O 7. Bc4 c5 8.
dxc5 Bxe5 9. Bxe5 Ng4 10. Bd6 Re8 11. Nd5 Nc6 12. Nc7 e3 13. O-O Nxf2 14. Qf3
Be6 15. Bxe6 Rxe6 16. Nxe6 fxe6 17. Qxe3 {Normal} 1-0

[Event "Rated Blitz game"]
[Site "?"]
[Date "2021.04.08"]
[Round "?"]
[White "warrior0506"]
[Black "KamranShirazi"]
[Result "0-1"]
[WhiteElo "2360"]
[BlackElo "2507"]
[PlyCount "30"]
[EventDate "2021.??.??"]
[EventType "blitz"]

1. e4 e5 2. Nf3 d5 3. Nxe5 Bd6 4. Ng4 dxe4 5. d4 f5 6. Ne3 Nf6 7. b3 Nc6 8. Bb2
f4 9. Nc4 O-O 10. d5 Nb4 11. Nxd6 Qxd6 12. c4 Bg4 13. Qc1 f3 14. Ba3 fxg2 15.
Bxg2 Nd3+ {Normal} 0-1

[Event "Rated Blitz game"]
[Site "?"]
[Date "2021.04.08"]
[Round "?"]
[White "Zeligman"]
[Black "Killerrhino"]
[Result "0-1"]
[WhiteElo "2428"]
[BlackElo "2395"]
[PlyCount "90"]
[EventDate "2021.??.??"]
[EventType "blitz"]

1. e4 e5 2. Nf3 d5 3. exd5 e4 4. Qe2 Nf6 5. d3 Qxd5 6. Nfd2 Bb4 7. dxe4 Qxe4 8.
Qxe4+ Nxe4 9. c3 Nxd2 10. Nxd2 Bd6 11. Nc4 Be7 12. Bf4 Na6 13. b4 c6 14. Nd6+
Bxd6 15. Bxd6 Be6 16. O-O-O O-O-O 17. Kb2 Nc7 18. Be2 Bd5 19. Bxc7 Kxc7 20. f3
Rhe8 21. Rhe1 Re6 22. c4 Rde8 23. cxd5 Rxe2+ 24. Rxe2 Rxe2+ 25. Kb3 Rxg2 26.
dxc6 Kxc6 27. Re1 Rf2 28. Re7 Rxf3+ 29. Kc4 a6 30. a4 b5+ 31. axb5+ axb5+ 32.
Kd4 Kd6 33. Rb7 Rf4+ 34. Kc3 Rf2 35. Rxb5 Rxh2 36. Rb7 Rf2 37. Kc4 h5 38. b5 h4
39. Rb6+ Kc7 40. Rc6+ Kb7 41. Kd5 h3 42. Rc3 Rf5+ 43. Kd6 Rh5 44. Rc7+ Kb6 45.
Rxf7 h2 {Normal} 0-1

[Event "Rated Blitz game"]
[Site "?"]
[Date "2021.04.08"]
[Round "?"]
[White "YEIKOCASTELLA"]
[Black "Sinrah-Tensei"]
[Result "1-0"]
[WhiteElo "2420"]
[BlackElo "2361"]
[PlyCount "75"]
[EventDate "2021.??.??"]
[EventType "blitz"]

1. e4 e5 2. Nf3 d5 3. exd5 Bd6 4. Nc3 f5 5. d4 e4 6. Ne5 Nf6 7. Bb5+ Kf8 8. O-O
a6 9. Ba4 b5 10. Bb3 Nbd7 11. Bf4 Qe8 12. f3 e3 13. Re1 b4 14. Na4 Nh5 15. Bxe3
f4 16. Bf2 Qd8 17. Nc5 Nb6 18. Nc6 Qf6 19. Ne6+ Kg8 20. Qe2 Bd7 21. Ne5 Bb5 22.
Qe4 g6 23. c4 bxc3 24. bxc3 Re8 25. c4 Ba4 26. c5 Bxb3 27. axb3 Bxe5 28. Qxe5
Qxe5 29. Rxe5 Nxd5 30. Rae1 Nb4 31. Nxc7 Rxe5 32. Rxe5 Kf7 33. d5 Rb8 34. d6
Nc6 35. Re4 Rxb3 36. d7 Nf6 37. Re8 Nxe8 38. dxe8=Q+ {Normal} 1-0

[Event "Rated Blitz game"]
[Site "?"]
[Date "2021.04.08"]
[Round "?"]
[White "JRV"]
[Black "blastol"]
[Result "1-0"]
[WhiteElo "2409"]
[BlackElo "2374"]
[PlyCount "51"]
[EventDate "2021.??.??"]
[EventType "blitz"]

1. e4 e5 2. Nf3 d5 3. Nxe5 Bd6 4. d4 dxe4 5. Nc4 f5 6. Nc3 Nf6 7. g3 Nc6 8. d5
Ne7 9. Nxd6+ Qxd6 10. Bf4 Qb6 11. d6 Ng6 12. Bg5 Ng4 13. Qd2 cxd6 14. h3 N6e5
15. O-O-O Nxf2 16. Bb5+ Kf7 17. Be3 Nxd1 18. Bxb6 Nxc3 19. Qxc3 axb6 20. Qc7+
Ke6 21. a3 Rf8 22. Qxg7 Rf7 23. Qg8 Ke7 24. Rd1 Ng6 25. Bc4 Rf8 26. Qxh7+ {
Normal} 1-0

[Event "Rated Blitz game"]
[Site "?"]
[Date "2021.04.08"]
[Round "?"]
[White "BLITZ16"]
[Black "King_bg03"]
[Result "0-1"]
[WhiteElo "2392"]
[BlackElo "2527"]
[PlyCount "44"]
[EventDate "2021.??.??"]
[EventType "blitz"]

1. e4 e5 2. Nf3 d5 3. Nc3 dxe4 4. Nxe4 f5 5. Nc3 e4 6. Ng1 Nf6 7. d4 Nc6 8. Bb5
a6 9. Bxc6+ bxc6 10. Nge2 Bd6 11. Bf4 O-O 12. O-O Rb8 13. b3 Nd5 14. Qd2 Nxf4
15. Nxf4 Qg5 16. Nce2 Qh6 17. c4 g5 18. Nh3 f4 19. Qc3 f3 20. Ng3 Bxh3 21. Nxe4
Bxg2 22. Ng3 Bxf1 {Normal} 0-1

[Event "Rated Blitz game"]
[Site "?"]
[Date "2021.04.08"]
[Round "?"]
[White "aryamannkid"]
[Black "KamranShirazi"]
[Result "0-1"]
[WhiteElo "2427"]
[BlackElo "2471"]
[PlyCount "116"]
[EventDate "2021.??.??"]
[EventType "blitz"]

1. e4 e5 2. Nf3 d5 3. Nc3 dxe4 4. Nxe4 f5 5. Nc3 e4 6. Ng1 Bc5 7. d3 Nf6 8.
dxe4 Qxd1+ 9. Nxd1 Nxe4 10. Be3 Nc6 11. Nf3 Nb4 12. Bd3 Nxd3+ 13. cxd3 Bxe3 14.
Nxe3 Nc5 15. Kd2 Bd7 16. Rac1 b6 17. Nd4 g6 18. b4 Na6 19. Nd5 O-O-O 20. Rc3
Ba4 21. Nxc7 Nxc7 22. Ne6 Rd6 23. Nxc7 Kb7 24. Re1 Rhd8 25. Ne6 Re8 26. Nf4
Rxe1 27. Kxe1 g5 28. Nh5 f4 29. g4 Bd7 30. f3 Bc6 31. Kf2 Rd4 32. a3 a5 33.
bxa5 bxa5 34. Ng7 Bb5 35. Ne6 Rd5 36. Nc7 Rxd3 37. Nxb5 Rd2+ 38. Kg1 Rd1+ 39.
Kg2 Rd2+ 40. Kh3 Rf2 41. Nd6+ Kb6 42. Nf5 Kb5 43. Rd3 Ka4 44. Rd7 Kxa3 45. Rxh7
a4 46. Ra7 Rxf3+ 47. Kg2 Rd3 48. Nd4 Rxd4 49. h4 Rd2+ 50. Kf3 gxh4 51. Kxf4 h3
52. Rh7 h2 53. g5 Rg2 54. g6 Rxg6 55. Rxh2 Rc6 56. Rh3+ Kb4 57. Ke5 Rc4 58. Kd5
Rc3 {Time forfeit} 0-1

[Event "Rated Blitz game"]
[Site "?"]
[Date "2021.04.08"]
[Round "?"]
[White "Hans_im_Glueck"]
[Black "GrandeGila"]
[Result "1-0"]
[WhiteElo "2465"]
[BlackElo "2395"]
[PlyCount "79"]
[EventDate "2021.??.??"]
[EventType "blitz"]

1. e4 e5 2. Nf3 d5 3. exd5 e4 4. Qe2 Nf6 5. Nc3 Be7 6. Nxe4 Nxd5 7. d3 O-O 8.
Qd1 c5 9. Be2 Nc6 10. O-O Re8 11. Re1 h6 12. c3 Bf5 13. Ng3 Bg6 14. Bf1 Qd7 15.
d4 cxd4 16. Nxd4 Nxd4 17. cxd4 Nb4 18. Re2 Rac8 19. Be3 Bc2 20. Qd2 Bd3 21.
Ree1 Bxf1 22. Rxf1 Nc2 23. Rac1 Bb4 24. Qd3 Nxe3 25. fxe3 Rxc1 26. Rxc1 Qe6 27.
e4 Qxa2 28. Qb5 Qxb2 29. Qxe8+ Kh7 30. Rf1 Qxd4+ 31. Kh1 f6 32. Qe6 Bd6 33.
Qf5+ Kg8 34. Qf2 Qa4 35. Nf5 Be5 36. Qe2 Kh7 37. Qg4 g6 38. Nh4 Qe8 39. Rd1 Qf7
40. Rd7 {Normal} 1-0

[Event "Rated Blitz tournament RWQQE8oM"]
[Site "?"]
[Date "2021.04.08"]
[Round "?"]
[White "Kind_Wolf138"]
[Black "Akbas_Kaan"]
[Result "1-0"]
[WhiteElo "2356"]
[BlackElo "2448"]
[PlyCount "62"]
[EventDate "2021.??.??"]
[EventType "blitz"]

1. e4 e5 2. Nf3 d5 3. exd5 e4 4. Qe2 Nf6 5. d3 Be7 6. dxe4 O-O 7. Nc3 Bb4 8.
Qc4 Bxc3+ 9. bxc3 Nxe4 10. Bd3 Nd6 11. Qh4 Qxh4 12. Nxh4 Nd7 13. Be3 Nb6 14.
Bxb6 axb6 15. Kd2 Bd7 16. f4 Ra4 17. g3 Rfa8 18. Rhe1 Rxa2 19. Rxa2 Rxa2 20.
Re7 Ba4 21. Rxc7 h6 22. Nf5 Nxf5 23. Bxf5 g6 24. Bd3 Kf8 25. Rxb7 Rb2 26. d6
Ke8 27. f5 Bd7 28. fxg6 fxg6 29. Bxg6+ Kd8 30. Rb8+ Bc8 31. Bf5 Ke8 {Normal}
1-0

[Event "Rated Blitz game"]
[Site "?"]
[Date "2021.04.07"]
[Round "?"]
[White "GambitoAzul"]
[Black "annaly1979"]
[Result "0-1"]
[WhiteElo "2483"]
[BlackElo "2360"]
[PlyCount "90"]
[EventDate "2021.??.??"]
[EventType "blitz"]

1. e4 e5 2. Nf3 d5 3. Nxe5 Qe7 4. d4 f6 5. Nf3 dxe4 6. Ng1 f5 7. h4 Nf6 8. Nh3
Nc6 9. c3 Be6 10. Nf4 Bf7 11. Bb5 a6 12. Bxc6+ bxc6 13. Qa4 Qd7 14. Be3 Bd6 15.
Nd2 O-O 16. Nc4 Ng4 17. g3 Rfe8 18. Na5 Rab8 19. b4 Rb5 20. a3 Bxf4 21. gxf4
Nf6 22. c4 Rb6 23. d5 cxd5 24. Qxd7 Nxd7 25. Bxb6 cxb6 26. Nb7 Rb8 27. Nd6 dxc4
28. O-O-O Nf6 29. Nxf7 Kxf7 30. Rd6 a5 31. Rhd1 axb4 32. axb4 b5 33. Ra6 Rb7
34. Rdd6 Rc7 35. Rab6 c3 36. Rxb5 Rc4 37. Rb7+ Kg6 38. Rdd7 Nxd7 39. Rxd7 Rxb4
40. Kc2 Rb2+ 41. Kxc3 Rxf2 42. Re7 Rxf4 43. Kd4 Rxh4 44. Ke5 e3 45. Kd6 Re4 {
Normal} 0-1

[Event "Rated Blitz game"]
[Site "?"]
[Date "2021.04.07"]
[Round "?"]
[White "Verdik"]
[Black "King_bg03"]
[Result "0-1"]
[WhiteElo "2480"]
[BlackElo "2502"]
[PlyCount "130"]
[EventDate "2021.??.??"]
[EventType "blitz"]

1. e4 e5 2. Nf3 d5 3. exd5 e4 4. Ne5 Qxd5 5. d4 exd3 6. Nxd3 Nf6 7. Nc3 Qd8 8.
Bg5 Be7 9. Be2 O-O 10. O-O Nc6 11. Re1 Bf5 12. Bf1 Re8 13. Qd2 h6 14. Bf4 Bd6
15. Rxe8+ Nxe8 16. Re1 Nf6 17. Nb5 Ne4 18. Qe3 a6 19. Nxd6 Nxd6 20. Qg3 Qf6 21.
Ne5 Ne4 22. Ng4 Qg6 23. Qe3 Re8 24. f3 Nd6 25. Qd2 Rxe1 26. Qxe1 Bxg4 27. fxg4
Qxc2 28. Bc1 Nd4 29. h3 Ne4 30. Kh2 Qc6 31. Bf4 Ne6 32. Be5 Qd5 33. Bc3 Nxc3
34. Qxc3 Qd6+ 35. Kg1 Qd4+ 36. Qxd4 Nxd4 37. Kf2 Kf8 38. Ke3 Ne6 39. Ke4 Ke7
40. Ke5 f6+ 41. Kf5 Kf7 42. Bc4 g6+ 43. Ke4 Ke7 44. h4 Kd6 45. h5 gxh5 46. gxh5
Ng7 47. g4 f5+ 48. gxf5 Nxh5 49. Bf7 Nf6+ 50. Kf4 c5 51. a4 b5 52. axb5 axb5
53. b3 Nd5+ 54. Kg4 Ke5 55. Kh5 Ne7 56. Kxh6 Nxf5+ 57. Kg5 Nd4 58. Bg8 Nxb3 59.
Bxb3 c4 60. Bc2 b4 61. Ba4 b3 62. Kg4 Kd4 63. Kf3 Kd3 64. Be8 c3 65. Bg6+ Kd2 {
Time forfeit} 0-1

[Event "Rated Blitz game"]
[Site "?"]
[Date "2021.04.07"]
[Round "?"]
[White "Muchichka_Serezha"]
[Black "Taabling"]
[Result "0-1"]
[WhiteElo "2279"]
[BlackElo "2413"]
[PlyCount "62"]
[EventDate "2021.??.??"]
[EventType "blitz"]

1. e4 e5 2. Nf3 d5 3. exd5 Bd6 4. d4 e4 5. Qe2 Nf6 6. Ne5 O-O 7. Nc3 Bf5 8. Bg5
Nbd7 9. Nxd7 Qxd7 10. Bxf6 gxf6 11. O-O-O Rfe8 12. h3 a6 13. g4 Bg6 14. h4 h6
15. h5 Bh7 16. Qe3 Qxg4 17. Be2 Qf4 18. Rhg1+ Kh8 19. Rg4 Qxe3+ 20. fxe3 Rg8
21. Rdg1 f5 22. Rxg8+ Rxg8 23. Rxg8+ Kxg8 24. Nd1 f4 25. exf4 Bxf4+ 26. Kb1 f5
27. c4 Bg5 28. Kc2 f4 29. Kc3 f3 30. Bf1 e3 31. Bd3 e2 {Normal} 0-1

[Event "Rated Blitz game"]
[Site "?"]
[Date "2021.04.07"]
[Round "?"]
[White "tokio1234"]
[Black "KamranShirazi"]
[Result "1-0"]
[WhiteElo "2512"]
[BlackElo "2469"]
[PlyCount "81"]
[EventDate "2021.??.??"]
[EventType "blitz"]

1. e4 e5 2. Nf3 d5 3. Nxe5 Bd6 4. d4 dxe4 5. Nc4 Be7 6. Ne3 f5 7. Bc4 f4 8. Nd5
Be6 9. Nxc7+ Qxc7 10. Bxe6 Nf6 11. O-O Nbd7 12. Nc3 O-O-O 13. d5 a6 14. a4 Bd6
15. Qd4 f3 16. g3 Bc5 17. Qd2 Kb8 18. Qf4 Bd6 19. Qe3 Nc5 20. Bh3 h5 21. b4 Ng4
22. Bxg4 hxg4 23. bxc5 Bxc5 24. Qf4 Bd6 25. Nxe4 Bxf4 26. Bxf4 Qxf4 27. gxf4
Rxd5 28. Rfd1 Rf5 29. Rd7 Rxf4 30. Nc5 Rb4 31. Rxg7 Rc8 32. Nd3 Rd4 33. Rb1 b5
34. axb5 a5 35. Ne5 Rxc2 36. Nc6+ Kc8 37. Nxd4 Rd2 38. Rc1+ Kd8 39. Ne6+ Ke8
40. Rc8+ Rd8 41. Rxd8# {Normal} 1-0

[Event "Rated Blitz game"]
[Site "?"]
[Date "2021.04.07"]
[Round "?"]
[White "Verdik"]
[Black "King_bg03"]
[Result "0-1"]
[WhiteElo "2469"]
[BlackElo "2513"]
[PlyCount "50"]
[EventDate "2021.??.??"]
[EventType "blitz"]

1. e4 e5 2. Nf3 d5 3. Nxe5 Bd6 4. d4 dxe4 5. Nc4 Nf6 6. Be2 O-O 7. O-O Re8 8.
Ne3 c5 9. dxc5 Bxc5 10. Qxd8 Rxd8 11. Nd2 Nc6 12. Nb3 Be7 13. Bd2 Be6 14. Rad1
a5 15. Bc3 a4 16. Nc1 Nb4 17. Rxd8+ Rxd8 18. a3 Nbd5 19. Bxf6 Bxf6 20. Nxd5
Rxd5 21. c3 Rd2 22. Bb5 Rxb2 23. Bxa4 Bxc3 24. Rd1 g6 25. Nb3 Bxb3 {Normal} 0-1

[Event "Rated Blitz game"]
[Site "?"]
[Date "2021.04.07"]
[Round "?"]
[White "danikoshvili"]
[Black "King_bg03"]
[Result "0-1"]
[WhiteElo "2530"]
[BlackElo "2500"]
[PlyCount "94"]
[EventDate "2021.??.??"]
[EventType "blitz"]

1. e4 e5 2. Nf3 d5 3. Nxe5 Bd6 4. d4 dxe4 5. Nc4 Nf6 6. Be2 O-O 7. Bg5 Be7 8.
Nc3 Bf5 9. Ne3 Bg6 10. Qd2 Nc6 11. O-O-O h6 12. Bf4 Nb4 13. h4 c6 14. g4 Nfd5
15. Nexd5 Nxd5 16. Nxd5 cxd5 17. g5 Rc8 18. Qe3 h5 19. Kb1 Qb6 20. Rc1 a5 21.
Qb3 Qxd4 22. Be3 Qe5 23. Rcd1 Rfd8 24. Bd4 Qe6 25. Qa4 e3 26. Bd3 Bxd3 27. Rxd3
Qe4 28. Rf1 e2 29. Re1 Rc4 30. Qxa5 Rxd4 31. Qd2 Rxd3 32. cxd3 Qxh4 33. Qxe2
Bxg5 34. Rg1 Qf4 35. Qxh5 Bh6 36. a3 Qxf2 37. Rg4 Qf1+ 38. Ka2 Kh7 39. Rg3 Qf6
40. d4 Qxd4 41. Qf5+ Kg8 42. Qh5 Kf8 43. Qh1 Qc4+ 44. Rb3 Rd6 45. Qe1 Rb6 46.
Qa5 Qxb3+ 47. Ka1 Qxb2# {Normal} 0-1

[Event "Rated Blitz game"]
[Site "?"]
[Date "2021.04.07"]
[Round "?"]
[White "mzayan"]
[Black "DarthZannah"]
[Result "0-1"]
[WhiteElo "2372"]
[BlackElo "2481"]
[PlyCount "98"]
[EventDate "2021.??.??"]
[EventType "blitz"]

1. e4 e5 2. Nf3 d5 3. exd5 e4 4. Ne5 Qxd5 5. Nc4 Nf6 6. Nc3 Qf5 7. Be2 Be7 8.
d4 O-O 9. O-O c6 10. a4 Be6 11. Ne3 Qg6 12. f4 exf3 13. Bxf3 Rd8 14. d5 Bc5 15.
dxc6 Nxc6 16. Qe1 Nd4 17. Kh1 Nxc2 18. Nxc2 Qxc2 19. Bxb7 Rab8 20. Be4 Nxe4 21.
Qxe4 Qxe4 22. Nxe4 Bd4 23. Bg5 f6 24. Bf4 Rxb2 25. Rab1 Rxb1 26. Rxb1 Bf5 27.
Re1 Bb6 28. Nd6 Bc2 29. h4 Bxa4 30. Re7 Bc2 31. Rb7 h5 32. Kh2 Bc5 33. Nb5 Be4
34. Rc7 Bb6 35. Re7 Bc6 36. Nd6 Rd7 37. Re8+ Kh7 38. Nf5 a5 39. Ne7 Bb5 40. g3
Bc7 41. Bxc7 Rxc7 42. Nd5 Bxe8 43. Nxc7 Bc6 44. Ne6 a4 45. Nc5 a3 46. Nb3 Kg6
47. Kg1 Kf5 48. Kf2 Ke4 49. Ke2 a2 {Time forfeit} 0-1

[Event "Rated Blitz game"]
[Site "?"]
[Date "2021.04.07"]
[Round "?"]
[White "Ocinitram"]
[Black "filolog"]
[Result "0-1"]
[WhiteElo "2457"]
[BlackElo "2641"]
[PlyCount "50"]
[EventDate "2021.??.??"]
[EventType "blitz"]

1. e4 e5 2. Nf3 d5 3. exd5 e4 4. Qe2 Be7 5. Qxe4 Nf6 6. Qa4+ Nbd7 7. Bb5 O-O 8.
O-O Nb6 9. Qb3 Nbxd5 10. d3 Bg4 11. Ne5 Be6 12. Bc4 Bd6 13. Nf3 Bg4 14. Nbd2
Nb6 15. a4 Nxc4 16. Qxc4 Qd7 17. h3 Bh5 18. g4 Nxg4 19. hxg4 Bxg4 20. Nh2 Bh3
21. Re1 Qf5 22. Ndf3 Bxh2+ 23. Kxh2 Qxf3 24. Qe4 Qh5 25. Bf4 Bf5+ {Normal} 0-1

[Event "Rated Blitz game"]
[Site "?"]
[Date "2021.04.07"]
[Round "?"]
[White "WischmoppPair"]
[Black "jsequera"]
[Result "1/2-1/2"]
[WhiteElo "2558"]
[BlackElo "2506"]
[PlyCount "136"]
[EventDate "2021.??.??"]
[EventType "blitz"]

1. e4 e5 2. Nf3 d5 3. exd5 e4 4. Qe2 f5 5. d3 Nf6 6. Bg5 Be7 7. Nfd2 O-O 8.
dxe4 fxe4 9. Nc3 Kh8 10. O-O-O Bg4 11. f3 exf3 12. Nxf3 Nbd7 13. Bxf6 Bxf6 14.
Qc4 Bxf3 15. gxf3 Nb6 16. Qd3 Bxc3 17. Qxc3 Nxd5 18. Qd2 Nf4 19. Rg1 Qf6 20.
Qd4 Qxd4 21. Rxd4 Rad8 22. Rxd8 Rxd8 23. Rg4 Rf8 24. Kd2 g6 25. Rg5 Kg7 26. Re5
Kf6 27. Re4 Rd8+ 28. Ke1 g5 29. h4 h6 30. hxg5+ Kxg5 31. Re7 Nd5 32. Rg7+ Kf6
33. Rh7 Kg5 34. a3 b6 35. Bc4 Ne3 36. Bd3 c5 37. Ke2 Nd5 38. Be4 Nf4+ 39. Ke3
a5 40. Rg7+ Kf6 41. Rb7 Ne6 42. Rxb6 h5 43. c4 h4 44. f4 Ke7 45. Bd5 Nd4 46.
Rh6 Rf8 47. Rh7+ Kd6 48. Ke4 Nf5 49. Kf3 Re8 50. Be4 Nd4+ 51. Ke3 Nf5+ 52. Kd3
Ng3 53. Bg6 Re2 54. Rxh4 Rxb2 55. Rg4 Rb3+ 56. Kc2 Rxa3 57. Bd3 Nh5 58. Rg6+
Ke7 59. Rg4 Nf6 60. Rh4 Kd6 61. Rh6 Ke7 62. Rg6 Nd7 63. Rg7+ Kd6 64. Bf5 Nf6
65. Rg6 Ke7 66. Rg7+ Kd6 67. Rg6 Ke7 68. Rg7+ Kd6 {Normal} 1/2-1/2

[Event "Rated Blitz game"]
[Site "?"]
[Date "2021.04.07"]
[Round "?"]
[White "morty0000"]
[Black "pasha1984"]
[Result "1-0"]
[WhiteElo "2413"]
[BlackElo "2451"]
[PlyCount "27"]
[EventDate "2021.??.??"]
[EventType "blitz"]

1. e4 e5 2. Nf3 d5 3. exd5 e4 4. Qe2 Nf6 5. d3 Qxd5 6. Nbd2 Nc6 7. dxe4 Qh5 8.
Nb3 Bg4 9. Bd2 O-O-O 10. O-O-O Ne5 11. Qe3 Kb8 12. Be2 Bxf3 13. gxf3 Bc5 14.
Qxc5 {Normal} 1-0

[Event "Rated Blitz game"]
[Site "?"]
[Date "2021.04.07"]
[Round "?"]
[White "mboldysh"]
[Black "Dzon_Vejn"]
[Result "0-1"]
[WhiteElo "2361"]
[BlackElo "2406"]
[PlyCount "24"]
[EventDate "2021.??.??"]
[EventType "blitz"]

1. e4 e5 2. Nf3 d5 3. exd5 e4 4. Qe2 Nf6 5. Nc3 Be7 6. Nxe4 O-O 7. d3 Nxd5 8.
Bd2 Re8 9. O-O-O f5 10. Nc3 Nxc3 11. Bxc3 Bg5+ 12. Nxg5 Rxe2 {Normal} 0-1

[Event "Rated Blitz game"]
[Site "?"]
[Date "2021.04.07"]
[Round "?"]
[White "Vados2010"]
[Black "King_bg03"]
[Result "1/2-1/2"]
[WhiteElo "2579"]
[BlackElo "2539"]
[PlyCount "100"]
[EventDate "2021.??.??"]
[EventType "blitz"]

1. e4 e5 2. Nf3 d5 3. Nc3 dxe4 4. Nxe4 f5 5. Ng3 e4 6. Bc4 exf3 7. Qxf3 Nf6 8.
O-O Be7 9. Re1 Nc6 10. Nxf5 Bxf5 11. Qxf5 Nd4 12. Qd3 Qd7 13. c3 Nc6 14. Qe2
Qd6 15. Be6 Nd8 16. Bb3 Nc6 17. Be6 Nd8 18. Bh3 O-O 19. Qxe7 Re8 20. Qxe8+ Nxe8
21. Rxe8+ Kf7 22. Re3 Nc6 23. d4 Re8 24. Rxe8 Kxe8 25. Be3 Qd5 26. Bc8 Ne7 27.
Bg4 Qb5 28. b3 Qd3 29. c4 Nc6 30. d5 Nd4 31. Bxd4 Qxd4 32. Re1+ Kf7 33. Be6+
Kf6 34. g3 Qb2 35. Re3 Qxa2 36. Kg2 a5 37. Bg8 g6 38. Bxh7 a4 39. bxa4 Qxc4 40.
Bg8 Qxa4 41. Rf3+ Ke7 42. Be6 Qe4 43. g4 b5 44. Kg3 b4 45. Re3 Qd4 46. Bg8+ Kd6
47. Re6+ Kd7 48. Re3 Kd6 49. Re6+ Kd7 50. Re3 Kd6 {Normal} 1/2-1/2

[Event "Rated Blitz game"]
[Site "?"]
[Date "2021.04.07"]
[Round "?"]
[White "revoltp"]
[Black "Trompatzer"]
[Result "1-0"]
[WhiteElo "2361"]
[BlackElo "2405"]
[PlyCount "63"]
[EventDate "2021.??.??"]
[EventType "blitz"]

1. e4 e5 2. Nf3 d5 3. d4 dxe4 4. Nxe5 Bd6 5. Nc4 Nf6 6. Nxd6+ Qxd6 7. Be2 Nc6
8. Be3 O-O 9. O-O Nd5 10. Nd2 f5 11. c4 Nf4 12. d5 Nxe2+ 13. Qxe2 Ne5 14. f4
Ng4 15. Bd4 c6 16. h3 Nf6 17. Be5 Qc5+ 18. Kh2 cxd5 19. cxd5 Qxd5 20. Rfd1 Qe6
21. Rac1 b6 22. Nc4 Ba6 23. b3 Rfd8 24. Qb2 Kf7 25. Nd6+ Kg8 26. Rc7 Rd7 27.
Rxd7 Nxd7 28. Bxg7 Nc5 29. Bh8 Qg6 30. Nxf5 Nd3 31. Rxd3 Qf7 32. Nh6+ {Normal}
1-0